000 00709nam a2200217Ii 4500
003 JO-AjNU
008 230605s9999||||xx |||||||||||||| ||und||
017 _a2004/9/2234
040 _aJO-AjNU
_bara
_erda
_cJO-AjNU
041 _aara
050 1 4 _aBF717.S296.2011
100 3 _aصوالحة،محمد أحمد,
_eauthor
_928644
245 0 0 _aعلم نفس اللعب
250 _aط4
264 3 1 _aعمان:دار المسيرة للنشر والتوزيع والطباعة،2011
300 _a240ص
336 _atext
_btxt
_2rdacontent
337 _aunmediated
_bn
_2rdamedia
338 _avolume
_bnc
_2rdacarrier
650 4 _aعلم النفس-الالعاب-الالعاب الرياضية
_928645
999 _aA11136
_c14704
_d14704